Štýl obchodného rokovania a odlišnosti kultúr
Rokovací štýl a odlišnosti kultúr. Príprava na odlišnosť kultúr. Odlišnosť kultúr a obchodné rokovanie. Kultúra vysokého a nízkeho kontextu. Klasifikácia rokovacích štýlov. Stratégia rokovania so zahraničným partnerom.
Enregistré dans:
| Auteur principal: | |
|---|---|
| Format: | Chapitre de livre |
| Langue: | slovaque |
| Sujets: | |
| Tags: |
Pas de tags, Soyez le premier à ajouter un tag!
|
MARC
| LEADER | 00000naa$a2200000$$$4500 | ||
|---|---|---|---|
| 001 | 0036107 | ||
| 005 | 20240502071450.4 | ||
| 041 | 0 | |a slo | |
| 044 | |a SK | ||
| 245 | 1 | 0 | |a Štýl obchodného rokovania a odlišnosti kultúr |c Peter Knapík |
| 520 | |a Rokovací štýl a odlišnosti kultúr. Príprava na odlišnosť kultúr. Odlišnosť kultúr a obchodné rokovanie. Kultúra vysokého a nízkeho kontextu. Klasifikácia rokovacích štýlov. Stratégia rokovania so zahraničným partnerom. | ||
| 610 | 2 | 0 | |a rokovania obchodné |
| 610 | 2 | 0 | |a zvyklosti obchodné |
| 610 | 2 | 0 | |a zvyklosti kultúrne |
| 610 | 2 | 0 | |a manažéri |
| 610 | 2 | 0 | |a manažment |
| 610 | 2 | 0 | |a psychológia |
| 610 | 2 | 0 | |a etika |
| 610 | 2 | 0 | |a partneri obchodní |
| 100 | 1 | |a Knapik, Peter | |